Normal view MARC view

Entry Meeting Name

Number of records used in: 1

001 - CONTROL NUMBER

  • control field: 15930

003 - CONTROL NUMBER IDENTIFIER

  • control field: OSt

005 - DATE AND TIME OF LATEST TRANSACTION

  • control field: 20211105134001.0

008 - FIXED-LENGTH DATA ELEMENTS

  • fixed length control field: 211105|| aca||aabn | a|a d

040 ## - CATALOGING SOURCE

  • Original cataloging agency: OSt
  • Transcribing agency: OSt

111 ## - HEADING--MEETING NAME

  • Meeting name or jurisdiction name as entry element: NATO Advanced Study Institute Workshop on Physical Processes in Interstellar Clouds
  • Location of meeting: Irsee, FRG
  • Date of meeting or treaty signing: 1986 Aug. 18-28

670 ## - SOURCE DATA FOUND

  • Source citation: Work cat.: (OSt): NATO Advanced Study Institute Workshop on Physical Processes in Interstellar Clouds Irsee, FRG 1986 Aug. 18-28, Physical processes in interstellar clouds, 1987

Powered by Koha